Artesian conditions in southeastern South Dakota. (Record no. 28658)

MARC details
000 -LEADER
fixed length control field 00895cam a22002651 4500
001 - CONTROL NUMBER
control field gs 52000203
003 - CONTROL NUMBER IDENTIFIER
control field DLC
005 - DATE AND TIME OF LATEST TRANSACTION
control field 20260227111359.0
008 - FIXED-LENGTH DATA ELEMENTS--GENERAL INFORMATION
fixed length control field 790612s1952 sdub b s000 0 eng
010 ## - LIBRARY OF CONGRESS CONTROL NUMBER
LC control number gs 52000203
035 ## - SYSTEM CONTROL NUMBER
System control number (OCoLC)5058269
040 ## - CATALOGING SOURCE
Original cataloging agency DLC
Transcribing agency TxCM
Modifying agency OCoLC
-- DLC
042 ## - AUTHENTICATION CODE
Authentication code premarc
050 00 - LIBRARY OF CONGRESS CALL NUMBER
Classification number GB1025.S8
Item number B3
100 1# - MAIN ENTRY--PERSONAL NAME
Personal name Barkley, Raymond C.
245 10 - TITLE STATEMENT
Title Artesian conditions in southeastern South Dakota.
260 ## - PUBLICATION, DISTRIBUTION, ETC.
Place of publication, distribution, etc. Vermillion, South Dakota,
Name of publisher, distributor, etc. University of South Dakota,
Date of publication, distribution, etc. 1952.
300 ## - PHYSICAL DESCRIPTION
Extent 71 p.
Other physical details maps (2 fold. in pocket)
490 1# - SERIES STATEMENT
Series statement South Dakota. State Geological Survey. Report of investigations,
Volume/sequential designation no. 71
504 ## - BIBLIOGRAPHY, ETC. NOTE
Bibliography, etc. note Bibliography: p. 71.
650 #0 - SUBJECT ADDED ENTRY--TOPICAL TERM
Topical term or geographic name entry element Geology
Geographic subdivision South Dakota.
650 #0 - SUBJECT ADDED ENTRY--TOPICAL TERM
Topical term or geographic name entry element Water-supply
Geographic subdivision South Dakota.
650 #0 - SUBJECT ADDED ENTRY--TOPICAL TERM
Topical term or geographic name entry element Groundwater
Geographic subdivision South Dakota.
830 #0 - SERIES ADDED ENTRY--UNIFORM TITLE
Uniform title Report of investigations (South Dakota Geological Survey) ;
Volume/sequential designation no. 71.

No items available.

Powered by Koha